| 000 | 00654nam a2200253Ia 4500 | ||
|---|---|---|---|
| 003 | OSt | ||
| 005 | 20221005085550.0 | ||
| 006 | a|||||r|||| 00| 0 | ||
| 007 | ta | ||
| 008 | 221004b |||||||| |||| 00| 0 eng d | ||
| 020 | _a0824049462 (vol 5) | ||
| 024 | _a29154 | ||
| 037 | _cTextual | ||
| 040 |
_aCRL _cCRL _beng |
||
| 041 |
_2eng _aeng |
||
| 082 | _aNR43, P0 | ||
| 245 | 0 | _aGarland encyclopeadia of world music Ed.by Alison Arnold | |
| 260 |
_aNew York _bGarland USA _c2000 |
||
| 300 |
_a1077p. CD-ROM _ccm. |
||
| 650 | _a ARTS | ||
| 650 |
_aMUSIC _917402 |
||
| 942 |
_hNR43, P0 _cTEXL _2cc |
||
| 999 |
_c994393 _d994393 |
||